Medioevo (Record n. 356903)
[ formato base ]
| 000 -LEADER | |
|---|---|
| fixed length control field | 01075nam a2200253Ia 4500 |
| 001 - CONTROL NUMBER | |
| control field | 940.1-PER ré me (18916) |
| 003 - CONTROL NUMBER IDENTIFIER | |
| control field | IT-MiSPE |
| 008 - FIXED-LENGTH DATA ELEMENTS--GENERAL INFORMATION | |
| fixed length control field | 171229s9999||||xx |||||||||||||| ||und|| |
| 040 ## - CATALOGING SOURCE | |
| Original cataloging agency | IT-MiSPE |
| Transcribing agency | IT-MiSPE |
| 041 ## - LANGUAGE CODE | |
| Language code of text/sound track or separate title | ITALIANO |
| 999 ## - SYSTEM CONTROL NUMBERS (KOHA) | |
| Koha Dewey Subclass [OBSOLETE] | NO |
| 100 ## - MAIN ENTRY--PERSONAL NAME | |
| Personal name | Régine Pernoud |
| 240 ## - UNIFORM TITLE | |
| Uniform title | Pour en finir avec le Moyen Âge |
| 245 #0 - TITLE STATEMENT | |
| Title | Medioevo |
| Remainder of title | Un secolare pregiudizio |
| 250 ## - EDITION STATEMENT | |
| Edition statement | 4a ed. |
| 260 ## - PUBLICATION, DISTRIBUTION, ETC. (IMPRINT) | |
| Place of publication, distribution, etc. | Milano |
| Name of publisher, distributor, etc. | Bompiani |
| Date of publication, distribution, etc. | 1989 |
| 300 ## - PHYSICAL DESCRIPTION | |
| Extent | 185 p. |
| Dimensions | 19 cm |
| 490 ## - SERIES STATEMENT | |
| Series statement | Tascabili: Saggi |
| Volume/sequential designation | C3 |
| 500 ## - GENERAL NOTE | |
| General note | Medioevo |
| 501 ## - WITH NOTE | |
| With note | Edizioni San Paolo srl - Piazza Soncino, 5 - 20092 CINISELLO BALSAMO (MI) (non commercial uses only) ® Copyright 2018 |
| 700 ## - ADDED ENTRY--PERSONAL NAME | |
| Personal name | Marina Bianchi |
| Miscellaneous information | (traduzione) |
| 942 ## - ADDED ENTRY ELEMENTS (KOHA) | |
| Koha item type | LIBRO |
| 957 ## - | |
| -- | 1 |
| 999 ## - SYSTEM CONTROL NUMBERS (KOHA) | |
| -- | Copie: 1 |
| Withdrawn status | Lost status | Damaged status | Not for loan | Home library | Current library | Date acquired | Total Checkouts | Full call number | Date last seen | Price effective from | Koha item type | Public note |
|---|---|---|---|---|---|---|---|---|---|---|---|---|
| Buone Condizioni | Not For Loan | CINISELLO | CINISELLO | 30/12/2017 | 940.1-PER ré me (18916) | 30/12/2017 | 30/12/2017 | LIBRO | (data import: 20 dicembre 2017) - By Epidotti, Vaglietti. |